Statistics for Three Real and One Fake - British History

Click here to take the quiz!

General Stats

  • This quiz has been taken 15,925 times
  • The average score is 9 of 15

Answer Stats

QuestionAnswer% Correct
Countries that were part of the British Empire at some pointBrazil
89%
Names of English monarchsRoger
88%
Coin issued by the British government at some pointDrachma
74%
Famous ship captains of the age of sailJacob Marley
70%
Books written by Charles DickensWuthering Heights
70%
Things that Isaac Newton didHad children
66%
Battles fought in Great BritainBattle of Trafalgar
59%
Notable British women who lived in the 1800sJane Seymour
59%
People who lived before 1000 A.D.Robert the Bruce
58%
Places that we shall fight the Nazis, according to Winston ChurchillIcy Arctic seas
50%
People buried at Westminster AbbeyAdam Smith
49%
People who died a violent death (murder, execution, or in battle)Oliver Cromwell
45%
Post-WWII Prime Ministers by picture
40%
Notable noblemenDuke of Sundry
40%
Things that happenedThe baker's plot
37%

Score Distribution

Percentile by Number Answered

Percent of People with Each Score

Your Score History

You have not taken this quiz